书目信息 |
| 题名: |
工业企业水平衡测试·计算·分析
|
|
| 作者: | 常明旺 , 孔繁荣 , 谷太华 编著 | |
| 分册: | ||
| 出版信息: | 北京 化学工业出版社 2007.08 |
|
| 页数: | 338页 | |
| 开本: | 21cm | |
| 丛书名: | ||
| 单 册: | ||
| 中图分类: | TU991.4 | |
| 科图分类: | ||
| 主题词: | 工业企业--gong ye qi ye--水量平衡 | |
| 电子资源: | ||
| ISBN: | 978-7-122-00449-9 | |
| 000 | 01184nam0 2200277 450 | |
| 001 | 012008021734 | |
| 005 | 20080126151803.21 | |
| 010 | @a978-7-122-00449-9@dCNY35.00 | |
| 100 | @a20080126d2007 em y0chiy0120 ea | |
| 101 | 0 | @achi |
| 102 | @aCN@b110000 | |
| 105 | @ay a 000yy | |
| 106 | @ar | |
| 200 | 1 | @a工业企业水平衡测试·计算·分析@Agong ye qi ye shui ping heng ce shi·ji suan·fen xi@f常明旺 ... [等] 编著@Fchang ming wang...[deng]bian zhu |
| 210 | @a北京@c化学工业出版社@d2007.08 | |
| 215 | @a338页@d21cm | |
| 304 | @a题名页题: 常明旺, 孔繁荣, 谷太华, 关鸿滨编著 | |
| 320 | @a有书目 (第337页) | |
| 330 | @a本书系统地阐述了工业企业水平衡的全过程,有测试、有计算、有分析,并且重点集中在水平衡中易于出错和易被忽略的问题上。特别是如何进行水平衡分析,通过水平衡分析告诉读者,如何发现问题或之所以出现的原因及从什么地方入手解决这些问题,有一定的独到之处,是开展这项工作的读者不可缺少的参考资料。 | |
| 606 | 0 | @a工业企业@Agong ye qi ye@x水量平衡 |
| 690 | @aTU991.4@v4 | |
| 701 | 0 | @a常明旺@Achang ming wang@4编著 |
| 701 | 0 | @a孔繁荣@Akong fan rong@4编著 |
| 701 | 0 | @a谷太华@Agu tai hua@4编著 |
| 801 | 0 | @aCN@bQSSK@c20080126 |
| 905 | @b280874-76@dTU991.4@eC288@f3 | |
| 工业企业水平衡测试·计算·分析/常明旺 ... [等] 编著.-北京:化学工业出版社,2007.08 |
| 338页;21cm |
| ISBN 978-7-122-00449-9:CNY35.00 |
| 本书系统地阐述了工业企业水平衡的全过程,有测试、有计算、有分析,并且重点集中在水平衡中易于出错和易被忽略的问题上。特别是如何进行水平衡分析,通过水平衡分析告诉读者,如何发现问题或之所以出现的原因及从什么地方入手解决这些问题,有一定的独到之处,是开展这项工作的读者不可缺少的参考资料。 |
| ● |
| 相关链接 |
|
|
|
正题名:工业企业水平衡测试·计算·分析
索取号:TU991.4/C288
 
预约/预借
| 序号 | 登录号 | 条形码 | 馆藏地/架位号 | 状态 | 备注 |
| 1 | 280874 | 202808747 | 建筑库201/201建筑库 134排2列1层/ [索取号:TU991.4/C288] | 在馆 | |
| 2 | 280875 | 202808756 | 市政与环境工程学院资料室/101建筑库 97排3列4层/ [索取号:TU991.4/C288] | 在馆 | |
| 3 | 280876 | 202808765 | 建筑库201/201建筑库 134排2列1层/ [索取号:TU991.4/C288] | 在馆 |